Datum a čas kvízu
16.5
Celkem bodů
Celkový počet nahraných bodů na tomto kvízu bez doplňovacích otázek.
8.
Pořadí na kvízu
Konečné umístění týmu na tomto kvízu.
Zaznamenané odpovědi
| # | Otázka | Odpověď | Body | Výsledky |
|---|---|---|---|---|
| 1. | Zlidovělý výraz Andreje Babiše... | 0 | ||
| 2. | "Filosof a revolucionář Karl M... | 1 | ||
| 3. | Unikátní hliněnou figurku z pr... | 0 | ||
| 4. | Desítky nových "hackerů" ročně... | 1 | ||
| 5. | Hokejová extraliga zavádí po v... | 0 | ||
| 6. | Košile patří k základním typům... | 1 | ||
| 7. | Dámská obdoba košile se nejčas... | 0 | ||
| 8. | Paramilitární křídlo italských... | 1 | ||
| 9. | Ze kterého česko-německého tel... | 1 | ||
| 10. | Polotriko, zkráceně polo, je j... | 0 |